Chansons de Michael Jackson - Album Thriller - Statistiques

Statistiques générales
  • Ce quiz a été pris 120 fois
  • Le résultat moyen est 7 sur 9
Statistiques - réponses
Ordre dans l'album Chansons % Correct
04 Thriller
99%
05 Beat It
98%
06 Billie Jean
96%
08 P. Y. T. (Pretty Young Thing)
80%
07 Human Nature
74%
03 The Girl Is Mine
70%
01 Wanna Be Startin' Somethin'
70%
02 Baby Be Mine
56%
09 The Lady in My Life
55%
Aucun quiz correspondant
Distribution des résultats
% des personnes avec chaque résultat
Percentile par nombre de réponses
Votre historique - résultats
Vous n’avez pas pris ce quiz